| 000 | 00802cam a2200277 4500 | ||
|---|---|---|---|
| 008 | 000000n2003 000 0 eng u | ||
| 020 | _a0863825362 | ||
| 022 | _a0968-4557 | ||
| 035 | _a(Sirsi) u125438 | ||
| 041 | _aeng | ||
| 050 |
_a070.025 _c18 |
||
| 245 |
_aBenn's media 2004 _bUnited Kingdom |
||
| 250 | _a152nd ed. | ||
| 260 |
_aTonbridge _bCMP Information _c2003 |
||
| 300 |
_av, 740p. _c30cm. |
||
| 350 | _a131.67 | ||
| 520 | _aA guide to United Kingdom newspapers, periodicals, television, radio and on-line media. Other volumes cover the world and North America. | ||
| 650 | _aDIRECTORIES | ||
| 650 | _aJOURNALS | ||
| 650 | _aMEDIA | ||
| 650 | _aNEWSPAPERS | ||
| 650 | _aPERIODICALS | ||
| 650 | _aUNITED KINGDOM | ||
| 690 | _aMANAGEMENT-BUSINESS MANAGEMENT | ||
| 942 | _n0 | ||
| 999 |
_c103386 _d103386 |
||